Hacia una ciencia de los recursos naturales / (Record no. 10846)

MARC details
000 -LEADER
campo de control de longitud fija 00822nam a2200265 i 4500
001 - NÚMERO DE CONTROL
campo de control 10846
003 - IDENTIFICADOR DE NÚMERO DE CONTROL
campo de control ES-MaACL
005 - FECHA Y HORA DE LA ÚLTIMA TRANSACCIÓN
campo de control 20250829104903.0
007 - CAMPO FIJO DE DESCRIPCIÓN FÍSICA--INFORMACIÓN GENERAL
campo de control de longitud fija t|
008 - DATOS DE LONGITUD FIJA--INFORMACIÓN GENERAL
campo de control de longitud fija 951117s1993 sp ||||1| spa d
020 ## - NÚMERO INTERNACIONAL ESTÁNDAR DEL LIBRO
Número Internacional Estándar del Libro 84-323-0792-0
080 ## - NÚMERO DE LA CLASIFICACIÓN DECIMAL UNIVERSAL
Número de la Clasificación Decimal Universal 330.15
245 00 - MENCIÓN DEL TÍTULO
Título Hacia una ciencia de los recursos naturales /
Mención de responsabilidad, etc. por José Manuel Naredo y Fernando Parra (comps.) ; P. Campos... [etc.].
250 ## - MENCION DE EDICION
Mención de edición [1ª ed.].
260 ## - PUBLICACIÓN, DISTRIBUCIÓN, ETC.
Lugar de publicación, distribución, etc. Madrid :
Nombre del editor, distribuidor, etc. Siglo XXI de España,
Fecha de publicación, distribución, etc. 1993.
300 ## - DESCRIPCIÓN FÍSICA
Extensión 335 p. ;
Dimensiones 21 cm.
490 1# - MENCIÓN DE SERIE
Mención de serie Economía
650 17 - PUNTO DE ACCESO ADICIONAL DE MATERIA--TÉRMINO DE MATERIA
Término de materia o nombre geográfico como elemento de entrada Recursos naturales
Fuente del encabezamiento o término embne
9 (RLIN) 16700
700 1# - ENTRADA AGREGADA--NOMBRE PERSONAL
Nombre de persona Naredo, José Manuel
9 (RLIN) 84944
700 1# - ENTRADA AGREGADA--NOMBRE PERSONAL
Nombre de persona Parra, Fernando.
9 (RLIN) 89226
700 1# - ENTRADA AGREGADA--NOMBRE PERSONAL
Nombre de persona Campos, Pablo.
9 (RLIN) 34253
830 0# - PUNTO DE ACCESO ADICIONAL DE SERIE-TÍTULO UNIFORME
Título uniforme Economía
9 (RLIN) 177792
852 ## - LOCALIZACIÓN
Ubicación ES-MaACL
Número de control de estantería L-18169
Sublocalización o colección R.124572
Holdings
Estatus retirado Estado de pérdida Estado de daño No para préstamo Biblioteca de origen Biblioteca actual Ubicación en estantería Fecha de adquisición Fuente de adquisición Total de préstamos Signatura topográfica completa Código de barras Visto por última vez Precio de reemplazo Tipo de ítem Koha
        Biblioteca del Ateneo de Madrid Biblioteca del Ateneo de Madrid Depósito 2 17/01/2008     L-18169 1011064 23/02/2023 23/02/2023 Libro impreso